000 00799nam a22002777a 4500
001 BR8108752
003 BR-BrBNA
005 20230928091209.0
007 ta
008 230509b bl.||||| |||| 00| 0 por d
040 _aBR-BrBNA
_bpor
_cBiblioteca Nacional de Agricultura
041 _a(Por)
072 _aL10
090 _ L10 BR8108752
100 1 _aMilagres, J.C.
110 1 _aUniversidade Federal de Vicosa, MG (Brasil). Depto. de Zootecnia
_910993
245 1 _aMelhoramento animal avancado. Selecao
_bno. 97
260 3 _aVicosa, MG (Brasil):
_c1981.
300 _a101 p.
500 _a8 illus.; Bibliography p. 99-101 (57 ref.)
650 _aGENETICA ANIMAL
650 _aHEREDITARIEDADE
650 _aSELECAO GENETICA
909 _a202309
_bLucia
_c55
_dLucia Elande
942 _cBK
999 _c32775
_d32775